000 01710nam0a22003491 4500
001 v19\rc\1419080
005 20250618110957.0
035 _a(NLR Aleph) 004546166
090 _a2076362
_c2076362
100 _a20060512d1883 |||y0rusy50 ca
101 0 _arus
102 _aRU
105 _ay j |||||
200 1 _aРусский синтаксис, на основании исследований гг. Потебни, Миклошича и Гейзе, для средних учебных заведений, составленный преподавателем Московской VI гимназии Н. Баталиным
210 _aМосква
_cтип. Э. Лисснер и Ю. Роман
_d1883
215 _aVIII, 104 с.
_d21
532 1 2 _aРусский синтаксис, на основании исследований господ Потебни, Миклошича и Гейзе, для средних учебных заведений, составленный преподавателем Московской VI гимназии Н. Баталиным
700 1 _aБаталин
_bН.И.
_gНиколай Иванович
_4220
702 1 _aПотебня
_bА.А.
_f1835-1891
_gАлександр Афанасьевич
_4100
702 1 _aМиклошич
_bФ.
_f1813-1891
_gФранц
_4100
702 1 _aГейзе
_bК.В.
_f1797-1855
_gКарл Вильгельм
_4100
801 0 _aRU
_bNLR
_gpsbo
801 0 _aRU
_bRuMoRGB
_2psbo
801 1 _aRU
_bProSoft-M
_2rusmarc
852 _aNLR
_j37.18.8.18
899 _aRuMoRGB
_jT 8/248
899 _aRuMoRGB
_jU 234/1898
899 _aБАН
899 _aНБ СПбГУ
899 _aНБ МГУ
942 _cBOOK
980 _aNB